000
00309nam a22001217a 4500
040
_c
SY
082
_a
333
100
_a
NA
245
_a
ស្ថាប័នអនុវត្តដំណើរការគោលនយោបាយដីធ្លី
260
_a
RUA
_b
NA
_c
2002
300
_a
23p.
942
_c
KB
999
_c
9322
_d
9322